[Event "III Festival B"]
[Site "Codogno ITA"]
[Date "2011.10.14"]
[Round "1"]
[White "Cervini, Ernesto"]
[Black "Rancati, William"]
[Result "1-0"]
[WhiteElo "1776"]
[BlackElo "1548"]
[PlyCount "35"]
[EventDate "2011.10.14"]

1. e4 e5 2. Nf3 Nc6 3. Bc4 Bc5 4. O-O d6 5. c3 Bg4 6. h3 Bh5 7. b4 Bb6 8. d3
Nf6 9. a4 a6 10. Bg5 h6 11. Be3 Bxe3 12. fxe3 O-O 13. Nbd2 Re8 14. Qe1 Qd7 15.
Qg3 Rab8 16. Nh4 Nh7 17. Nf5 Bg6 18. Qxg6 1-0

[Event "III Festival B"]
[Site "Codogno ITA"]
[Date "2011.10.14"]
[Round "1"]
[White "Losi, Paolo"]
[Black "Galli, Fabrizio"]
[Result "1-0"]
[WhiteElo "1730"]
[BlackElo "1469"]
[PlyCount "104"]
[EventDate "2011.10.14"]

1. d4 Nf6 2. c4 c5 3. d5 b5 4. Nc3 b4 5. Na4 g6 6. b3 Bg7 7. Bb2 O-O 8. Nxc5 d6
9. Na4 Nbd7 10. Nf3 Nc5 11. Nxc5 dxc5 12. Ne5 Qd6 13. f3 Nh5 14. Nd3 Nf4 15.
Bxg7 Kxg7 16. e3 Nxd3+ 17. Bxd3 Qe5 18. Kf2 Qb2+ 19. Qc2 Qe5 20. f4 Qf6 21.
Rag1 e6 22. g3 exd5 23. cxd5 Bb7 24. Be4 Rad8 25. Rd1 Rfe8 26. Bf3 Qe7 27. e4
h5 28. e5 Qd7 29. Qxc5 Rc8 30. Qd4 Kh6 31. Rd2 a5 32. Rhd1 Qh3 33. Kg1 Rc3 34.
Qf2 Rec8 35. Bg2 Qg4 36. Qe2 Qf5 37. d6 Bc6 38. Bxc6 R3xc6 39. d7 Rd8 40. Qb5
Qe6 41. Rd6 Rxd6 42. Rxd6 Qf5 43. Qd3 Qxd3 44. Rxd3 Kg7 45. Kf2 Kf8 46. Ke3 Ke7
47. Ke4 Ke6 48. h3 f6 49. exf6 Kxf6 50. Rd6+ Kf7 51. Ke5 Ke7 52. Rxg6 Rxd7 1-0

[Event "III Festival B"]
[Site "Codogno ITA"]
[Date "2011.10.14"]
[Round "1"]
[White "Priori, Gabriele"]
[Black "Guasconi, Lelio"]
[Result "1-0"]
[WhiteElo "1401"]
[BlackElo "1614"]
[PlyCount "73"]
[EventDate "2011.10.14"]

1. d4 e6 2. Nf3 b6 3. c4 Bb7 4. Nc3 Bb4 5. Bd2 Nf6 6. e3 d6 7. Qc2 Nbd7 8. a3
Bxc3 9. Bxc3 Bxf3 10. gxf3 Nh5 11. Bg2 Qg5 12. Rg1 Rd8 13. O-O-O Qg6 14. Qe2
Qf6 15. f4 Qe7 16. Qxh5 Nf6 17. Bc6+ Kf8 18. Qh3 d5 19. Bb4 Rd6 20. cxd5 exd5
21. Bxd6 cxd6 22. Qc8+ Ne8 23. Qxe8+ Qxe8 24. Bxe8 Kxe8 25. Rxg7 Ke7 26. Rdg1
Rc8+ 27. Kd2 a5 28. Rc1 Rc4 29. Rxc4 dxc4 30. Rxh7 d5 31. Rg7 b5 32. Kc3 Kf6
33. Rg8 b4+ 34. axb4 axb4+ 35. Kxb4 Kf5 36. f3 Ke6 37. h4 1-0

[Event "III Festival B"]
[Site "Codogno ITA"]
[Date "2011.10.14"]
[Round "1"]
[White "Scotti, Luigi"]
[Black "Mantovani, Enrico"]
[Result "0-1"]
[WhiteElo "1511"]
[BlackElo "1758"]
[PlyCount "54"]
[EventDate "2011.10.14"]

1. e4 c6 2. d4 d5 3. exd5 cxd5 4. c4 Nf6 5. Nf3 g6 6. Nc3 Bg7 7. Be2 O-O 8. h3
Nc6 9. Be3 b6 10. Qd2 Re8 11. O-O Ba6 12. cxd5 Bxe2 13. Qxe2 Nxd5 14. Nxd5 Qxd5
15. Rfd1 Rac8 16. b3 Nb4 17. Rac1 Qh5 18. Rc4 Nd5 19. Rdc1 Rcd8 20. Kf1 f6 21.
Qd2 e5 22. dxe5 Nxe3+ 23. Qxe3 Bh6 24. Rh4 Bxe3 25. Rxh5 Bxc1 26. Rh4 Bb2 27.
exf6 Rd1+ 0-1

[Event "III Festival B"]
[Site "Codogno ITA"]
[Date "2011.10.14"]
[Round "1"]
[White "Vecchio, Paolo L."]
[Black "Marchesotti, Giovanni"]
[Result "1/2-1/2"]
[WhiteElo "1335"]
[BlackElo "1599"]
[PlyCount "58"]
[EventDate "2011.10.14"]

1. e4 c6 2. d4 d5 3. e5 Bf5 4. Bd3 Bxd3 5. Qxd3 e6 6. Nf3 h6 7. Nc3 Bb4 8. a3
Qa5 9. Bd2 Bxc3 10. Qxc3 Qxc3 11. Bxc3 a5 12. O-O Ne7 13. b4 a4 14. Ra2 b5 15.
Ne1 O-O 16. Bd2 Nd7 17. f4 f5 18. c3 Nc8 19. Nd3 Ncb6 20. Nc5 Nxc5 21. bxc5 Nc4
22. Rf3 Nxd2 23. Rxd2 Kh7 24. g3 h5 25. h3 Ra7 26. Rh2 g6 27. g4 Rg7 28. g5 Rd7
29. h4 Rfd8 1/2-1/2

[Event "III Festival B"]
[Site "Codogno ITA"]
[Date "2011.10.14"]
[Round "1"]
[White "Volpati, Antonio"]
[Black "Marzatico, Luca"]
[Result "1/2-1/2"]
[WhiteElo "1670"]
[BlackElo "1428"]
[PlyCount "53"]
[EventDate "2011.10.14"]

1. e4 c5 2. Nf3 d6 3. Be2 Nc6 4. O-O Nf6 5. Nc3 a6 6. d3 e6 7. Bg5 Be7 8. Nd2
Qb6 9. Nc4 Qd8 10. f4 Nd4 11. Bf3 b5 12. Nd2 b4 13. Ne2 Nxf3+ 14. Rxf3 Bb7 15.
Qf1 d5 16. Rd1 Qa5 17. Ra1 dxe4 18. Nc4 Qc7 19. Rg3 exd3 20. Rxd3 Be4 21. Rd2
Bd5 22. Ng3 Rd8 23. Rad1 O-O 24. b3 h6 25. Bxf6 Bxf6 26. Nh5 Bd4+ 27. Kh1
1/2-1/2

[Event "III Festival B"]
[Site "Codogno ITA"]
[Date "2011.10.15"]
[Round "2"]
[White "Cautiero, Pietro"]
[Black "Cervini, Ernesto"]
[Result "1/2-1/2"]
[WhiteElo "1698"]
[BlackElo "1776"]
[PlyCount "50"]
[EventDate "2011.10.14"]

1. Nf3 d5 2. g3 c6 3. Bg2 Nf6 4. O-O h6 5. d3 Bf5 6. Nbd2 e6 7. Re1 Qc7 8. e4
dxe4 9. dxe4 Bg6 10. Nh4 Bh7 11. c4 Be7 12. b3 Na6 13. Bb2 e5 14. Nf5 Bxf5 15.
exf5 Nd7 16. Nf3 O-O-O 17. Qe2 f6 18. Red1 Ndc5 19. Bc3 Rxd1+ 20. Rxd1 Rd8 21.
Ne1 Qb6 22. Nc2 Rxd1+ 23. Qxd1 Qd8 24. Qe2 Qd3 25. Qxd3 Nxd3 1/2-1/2

[Event "III Festival B"]
[Site "Codogno ITA"]
[Date "2011.10.15"]
[Round "2"]
[White "Galli, Fabrizio"]
[Black "Rancati, William"]
[Result "1-0"]
[WhiteElo "1469"]
[BlackElo "1548"]
[PlyCount "77"]
[EventDate "2011.10.14"]

1. e4 c5 2. Nf3 Nc6 3. Bb5 Qb6 4. Nc3 e6 5. O-O g6 6. Bxc6 Qxc6 7. d4 Nf6 8. d5
Qb6 9. b3 Bg7 10. Be3 d6 11. dxe6 Bxe6 12. Rb1 O-O 13. Ng5 Rfd8 14. Nxe6 fxe6
15. Bg5 Rd7 16. Re1 Rf7 17. Na4 Qc6 18. f3 b5 19. Nb2 Nh5 20. Qd2 d5 21. exd5
exd5 22. Nd3 Rf5 23. Be7 Bd4+ 24. Kh1 Re8 25. c3 Ng3+ 26. hxg3 Rh5+ 27. Bh4
Rxe1+ 28. Rxe1 Qf6 29. cxd4 g5 30. Nxc5 gxh4 31. gxh4 Qxh4+ 32. Kg1 Qh1+ 33.
Kf2 Qh4+ 34. Ke2 Qe7+ 35. Kd1 Qf6 36. Qe3 Rh4 37. Qe8+ Kg7 38. Re7+ Kh6 39. Re6
1-0

[Event "III Festival B"]
[Site "Codogno ITA"]
[Date "2011.10.15"]
[Round "2"]
[White "Guasconi, Lelio"]
[Black "Volpati, Antonio"]
[Result "1-0"]
[WhiteElo "1614"]
[BlackElo "1670"]
[PlyCount "79"]
[EventDate "2011.10.14"]

1. e4 e5 2. Nc3 Nf6 3. Bc4 Nc6 4. a3 Bc5 5. Nd5 a6 6. d3 h6 7. h3 d6 8. Qe2 Be6
9. Be3 Nd4 10. Qd2 c6 11. Nxf6+ Qxf6 12. Bxe6 Qxe6 13. Ne2 Nxe2 14. Qxe2 Bxe3
15. Qxe3 O-O 16. O-O f5 17. f4 fxe4 18. Qxe4 Qf5 19. fxe5 Qxe5 20. Rxf8+ Rxf8
21. Qxe5 dxe5 22. Re1 Re8 23. d4 e4 24. Kf2 Kf7 25. Ke3 Re6 26. Rf1+ Ke7 27.
Rf4 g5 28. Rxe4 Rxe4+ 29. Kxe4 Ke6 30. c4 b6 31. d5+ cxd5+ 32. cxd5+ Kd6 33. g4
b5 34. b3 a5 35. b4 axb4 36. axb4 Kd7 37. Ke5 Ke7 38. d6+ Kd7 39. Kd5 Kd8 40.
Kc6 1-0

[Event "III Festival B"]
[Site "Codogno ITA"]
[Date "2011.10.15"]
[Round "2"]
[White "Mantovani, Enrico"]
[Black "Stanzani, Maurizio"]
[Result "1-0"]
[WhiteElo "1758"]
[BlackElo "1603"]
[PlyCount "103"]
[EventDate "2011.10.14"]

1. d4 Nf6 2. c4 e6 3. Nf3 d5 4. Nc3 Bd7 5. Bg5 dxc4 6. e4 h6 7. Bh4 g5 8. Bg3
b5 9. h4 g4 10. Ne5 h5 11. Nxd7 Qxd7 12. Be5 Rh6 13. Qe2 Bb4 14. O-O-O Bxc3 15.
bxc3 Qe7 16. Kb1 Na6 17. Bf4 Rg6 18. Bg5 Qa3 19. Rc1 Nd7 20. e5 Nb6 21. Qe4 Nd5
22. Qc2 c5 23. g3 cxd4 24. cxd4 Nab4 25. Qb2 Qf3 26. Rg1 a6 27. a3 Nd3 28. Bxd3
Qxd3+ 29. Ka1 c3 30. Qb3 Qxd4 31. Qc2 a5 32. Rcd1 Qc5 33. Ka2 Nb4+ 34. axb4
axb4+ 35. Kb1 Qa7 36. Qb3 c2+ 37. Kxc2 Qxf2+ 38. Kb1 Kf8 39. Rgf1 Qa7 40. Rd8+
Rxd8 41. Bxd8 f5 42. exf6 Kf7 43. Re1 Qd7 44. Rd1 Qc6 45. Qxb4 Rg8 46. Qd4 Qf3
47. Qd7+ Kg6 48. Qd3+ Qxd3+ 49. Rxd3 Rxd8 50. Rxd8 Kxf6 51. Rb8 Ke5 52. Rxb5+
1-0

[Event "III Festival B"]
[Site "Codogno ITA"]
[Date "2011.10.15"]
[Round "2"]
[White "Maraschi, Alberto"]
[Black "Scotti, Luigi"]
[Result "0-1"]
[WhiteElo "1386"]
[BlackElo "1511"]
[PlyCount "70"]
[EventDate "2011.10.14"]

1. e4 d6 2. d4 Nf6 3. Nc3 Nbd7 4. d5 a5 5. b3 Nc5 6. Bd3 e5 7. Bg5 Be7 8. Bxf6
Bxf6 9. Nf3 Nxd3+ 10. Qxd3 O-O 11. O-O b6 12. a4 Ba6 13. Nb5 Qd7 14. c4 Rfc8
15. Rac1 c6 16. dxc6 Rxc6 17. Qd5 Rac8 18. Rfd1 Bxb5 19. Qxb5 Qc7 20. h4 Rc5
21. Qa6 Qc6 22. b4 axb4 23. a5 Rxa5 24. Qxc8+ Qxc8 25. Rxd6 Rc5 26. Rcd1 Rxc4
27. Nxe5 Rc1 28. f4 Rxd1+ 29. Rxd1 Bxe5 30. fxe5 Qc5+ 31. Kh1 g6 32. Rd5 Qc1+
33. Kh2 Qf4+ 34. g3 Qxe4 35. Rb5 Qe2+ 0-1

[Event "III Festival B"]
[Site "Codogno ITA"]
[Date "2011.10.15"]
[Round "2"]
[White "Marchesotti, Giovanni"]
[Black "Priori, Gabriele"]
[Result "1-0"]
[WhiteElo "1599"]
[BlackElo "1401"]
[PlyCount "91"]
[EventDate "2011.10.14"]

1. Nf3 d5 2. g3 Nf6 3. Bg2 e6 4. O-O b6 5. d3 Be7 6. Nbd2 Bb7 7. Re1 O-O 8. e4
dxe4 9. Ng5 Nc6 10. Ngxe4 Rb8 11. Nxf6+ Bxf6 12. Ne4 h6 13. Nxf6+ Qxf6 14. c3
Ne5 15. Bxb7 Rxb7 16. f4 Ng6 17. Qf3 Rbb8 18. Qe4 Rfe8 19. d4 Qd8 20. Be3 Qd7
21. Bf2 f5 22. Qf3 Ne7 23. Re2 Nc8 24. d5 Nd6 25. dxe6 Rxe6 26. Qd5 Rbe8 27.
Rae1 Kf7 28. Rxe6 Rxe6 29. Bd4 c6 30. Qxe6+ Qxe6 31. Rxe6 Kxe6 32. Bxg7 h5 33.
Be5 Nc4 34. Bb8 Nxb2 35. Bxa7 b5 36. Kg2 Kd5 37. Bd4 Kc4 38. Kf3 Nd1 39. h3 b4
40. Ke2 Nxc3+ 41. Bxc3 Kxc3 42. g4 hxg4 43. hxg4 fxg4 44. f5 g3 45. f6 g2 46.
Kf2 1-0

[Event "III Festival B"]
[Site "Codogno ITA"]
[Date "2011.10.15"]
[Round "2"]
[White "Marzatico, Luca"]
[Black "Vecchio, Paolo L."]
[Result "1-0"]
[WhiteElo "1428"]
[BlackElo "1335"]
[PlyCount "45"]
[EventDate "2011.10.14"]

1. d4 Nf6 2. Bf4 d6 3. Nf3 Nc6 4. Nbd2 e6 5. e3 Be7 6. Bd3 Nh5 7. c3 Nxf4 8.
exf4 O-O 9. g4 Bh4 10. g5 Bxg5 11. fxg5 e5 12. dxe5 dxe5 13. Nc4 e4 14. Bxe4
Bg4 15. Qxd8 Raxd8 16. Ncd2 Rfe8 17. O-O-O Rxe4 18. Nxe4 Bxf3 19. Rxd8+ Nxd8
20. Re1 Kf8 21. Nc5 Bd5 22. Nd7+ Kg8 23. Re8# 1-0

[Event "III Festival B"]
[Site "Codogno ITA"]
[Date "2011.10.15"]
[Round "2"]
[White "Molinelli, Luigi"]
[Black "Losi, Paolo"]
[Result "0-1"]
[WhiteElo "1263"]
[BlackElo "1730"]
[PlyCount "52"]
[EventDate "2011.10.14"]

1. d4 d5 2. c4 c6 3. Nf3 Bf5 4. Nc3 e6 5. Bf4 Bd6 6. Bxd6 Qxd6 7. g3 Nd7 8. Bg2
dxc4 9. O-O Ngf6 10. Ne5 Nxe5 11. dxe5 Qxe5 12. e3 O-O 13. Qe2 Bd3 14. Qe1 Bxf1
15. Bxf1 b5 16. Bg2 Rac8 17. a3 Nd5 18. Qc1 Rfd8 19. Ne4 c5 20. Qc2 h6 21. Qe2
g6 22. Rb1 a6 23. Rf1 f5 24. f4 Qg7 25. Nf2 c3 26. bxc3 Qxc3 0-1

[Event "III Festival B"]
[Site "Codogno ITA"]
[Date "2011.10.15"]
[Round "3"]
[White "Cervini, Ernesto"]
[Black "Marchesotti, Giovanni"]
[Result "1-0"]
[WhiteElo "1776"]
[BlackElo "1599"]
[PlyCount "63"]
[EventDate "2011.10.14"]

1. e4 c6 2. d4 d5 3. Nd2 dxe4 4. Nxe4 Bf5 5. Ng3 Bg6 6. Nf3 Nd7 7. Bd3 Bxd3 8.
Qxd3 e6 9. O-O Be7 10. b3 Ngf6 11. Bb2 O-O 12. c4 c5 13. Qc2 cxd4 14. Bxd4 Qc7
15. Qb2 b6 16. Rad1 Rad8 17. Rfe1 Bd6 18. Ne4 Bb4 19. Nxf6+ Nxf6 20. Bxf6 gxf6
21. Qxf6 Rxd1 22. Rxd1 Be7 23. Qh6 Rd8 24. Re1 Bf8 25. Qg5+ Kh8 26. Qh5 Be7 27.
Ng5 Bxg5 28. Qxg5 Qd7 29. Qf6+ Kg8 30. h4 Qd4 31. Qxd4 Rxd4 32. Re2 1-0

[Event "III Festival B"]
[Site "Codogno ITA"]
[Date "2011.10.15"]
[Round "3"]
[White "Losi, Paolo"]
[Black "Mantovani, Enrico"]
[Result "0-1"]
[WhiteElo "1730"]
[BlackElo "1758"]
[PlyCount "102"]
[EventDate "2011.10.14"]

1. d4 Nf6 2. Nf3 e6 3. c4 c5 4. d5 exd5 5. cxd5 d6 6. Nc3 g6 7. Bg5 h6 8. Bh4
g5 9. Bg3 a6 10. Qc2 b5 11. a3 Bg7 12. Nd2 Bb7 13. e4 Nh5 14. Be2 Nf4 15. Bf3
h5 16. Bxf4 gxf4 17. Ne2 Be5 18. Rb1 Nd7 19. Nb3 a5 20. Qd2 a4 21. Nbc1 Nb6 22.
O-O Nc4 23. Qc2 Qg5 24. Nd3 h4 25. Nxe5 Nxe5 26. Kh1 h3 27. Rg1 Qh4 28. g3 Qh6
29. Nxf4 Nxf3 30. Rgd1 Nd4 31. Qd3 Ba6 32. Qe3 Qf6 33. Qc3 Qe5 34. Qe3 Bc8 35.
Rd2 Bg4 36. Nd3 Qf6 37. f4 Nb3 38. Rf2 Qd4 39. Qxd4 Nxd4 40. e5 Kd7 41. Re1
Bf3+ 42. Kg1 Bxd5 43. exd6 Nf3+ 44. Rxf3 Bxf3 45. Ne5+ Kxd6 46. Nxf3 f6 47. Nh4
Rhe8 48. Nf5+ Kc6 49. Rc1 Rad8 50. Rc2 Rd5 51. Ng7 Re7 0-1

[Event "III Festival B"]
[Site "Codogno ITA"]
[Date "2011.10.15"]
[Round "3"]
[White "Marzatico, Luca"]
[Black "Cautiero, Pietro"]
[Result "0-1"]
[WhiteElo "1428"]
[BlackElo "1698"]
[PlyCount "90"]
[EventDate "2011.10.14"]

1. d4 a6 2. Bf4 e6 3. Nf3 d5 4. Nbd2 c5 5. e3 Nc6 6. c3 Nf6 7. Bd3 Qb6 8. Qc2
Bd7 9. Ne5 Rc8 10. Nxd7 Nxd7 11. Rb1 cxd4 12. exd4 Nb4 13. Qd1 Nxd3+ 14. Kf1
Nxf4 15. Qf3 Ng6 16. h4 h5 17. g4 hxg4 18. Qxg4 Nf6 19. Qg5 Qd6 20. Rc1 Qf4 21.
Qxf4 Nxf4 22. c4 Bb4 23. Nb3 dxc4 24. a3 Bd6 25. f3 N6d5 26. Na5 b6 27. Nb7 Be7
28. h5 Rc7 29. Rh4 Rxb7 30. Rxc4 Ne3+ 31. Kf2 Nxc4 32. Rxf4 Rxh5 33. d5 exd5
34. b3 Ne5 35. Ke3 Bg5 36. Kd4 Bxf4 37. Kxd5 Nxf3+ 38. Kc6 Rd7 39. Kxb6 Rd6+
40. Kc7 Rc5+ 41. Kb7 Kd7 42. b4 Rc7+ 43. Kb8 Kc6 44. b5+ axb5 45. a4 Rd8# 0-1

[Event "III Festival B"]
[Site "Codogno ITA"]
[Date "2011.10.15"]
[Round "3"]
[White "Priori, Gabriele"]
[Black "Galli, Fabrizio"]
[Result "0-1"]
[WhiteElo "1401"]
[BlackElo "1469"]
[PlyCount "82"]
[EventDate "2011.10.14"]

1. e4 c5 2. Nf3 d6 3. d4 cxd4 4. Nxd4 Nf6 5. Nc3 Bd7 6. Bf4 e5 7. Bxe5 dxe5 8.
Nf3 Qc7 9. Be2 Bb4 10. Qd3 Bxc3+ 11. bxc3 O-O 12. O-O Bg4 13. Rad1 Nbd7 14. h3
Bh5 15. Qe3 Bg6 16. Nd2 Nc5 17. f3 Rfd8 18. g4 Ne6 19. Kg2 Nf4+ 20. Kh2 Nxe2
21. Qxe2 Qxc3 22. Nc4 Ne8 23. Ne3 f6 24. Nd5 Qc5 25. Rd2 Rd6 26. Rfd1 Rad8 27.
Ne7+ Kf7 28. Nxg6 Kxg6 29. Rd5 Rxd5 30. Rxd5 Rxd5 31. exd5 Qxd5 32. c4 Qd6 33.
Qe4+ Kf7 34. Qxb7+ Qe7 35. Qb3 g5 36. c5+ Kg7 37. c6 Qc7 38. Qd5 e4+ 39. Kh1
exf3 40. Qd7+ Kf8 41. Kg1 Qg3+ 0-1

[Event "III Festival B"]
[Site "Codogno ITA"]
[Date "2011.10.15"]
[Round "3"]
[White "Rancati, William"]
[Black "Maraschi, Alberto"]
[Result "0-1"]
[WhiteElo "1548"]
[BlackElo "1386"]
[PlyCount "94"]
[EventDate "2011.10.14"]

1. e4 c6 2. d4 d5 3. e5 Bf5 4. f4 e6 5. Nf3 h6 6. Bd3 Bg4 7. g3 Nd7 8. h3 Bf5
9. Bxf5 exf5 10. Nc3 Bb4 11. Bd2 Ne7 12. a3 Ba5 13. Qe2 c5 14. O-O-O cxd4 15.
Nxd4 Bxc3 16. Bxc3 Qb6 17. Qb5 Rd8 18. Qxb6 Nxb6 19. Ba5 Rc8 20. Bxb6 axb6 21.
Nb5 O-O 22. Nd6 Rc7 23. Rd4 Nc6 24. Rxd5 g6 25. Rb5 Nd4 26. Rxb6 Rxc2+ 27. Kb1
Rg2 28. Rb4 Ne6 29. Rb3 Nc5 30. Rf3 Na4 31. b3 Nc5 32. g4 Ne4 33. Nxb7 Nd2+ 34.
Kc1 Nxf3 35. gxf5 Rc8+ 36. Kb1 Rcc2 37. fxg6 Rb2+ 38. Kc1 Rxb3 39. gxf7+ Kxf7
40. Nd6+ Ke6 41. f5+ Kxe5 42. Nf7+ Kxf5 43. Nxh6+ Kg6 44. Ng4 Rxa3 45. Kb1 Nd2+
46. Kc2 Nc4+ 47. Kb1 Raa2 0-1

[Event "III Festival B"]
[Site "Codogno ITA"]
[Date "2011.10.15"]
[Round "3"]
[White "Scotti, Luigi"]
[Black "Guasconi, Lelio"]
[Result "0-1"]
[WhiteElo "1511"]
[BlackElo "1614"]
[PlyCount "77"]
[EventDate "2011.10.14"]

1. e4 c5 2. c3 d5 3. exd5 Qxd5 4. d4 cxd4 5. cxd4 Nc6 6. Be3 e6 7. Nc3 Qd8 8.
Nf3 Bb4 9. a3 Ba5 10. b4 Bb6 11. Be2 Nge7 12. O-O Nd5 13. Nxd5 exd5 14. Rc1 O-O
15. h3 Be6 16. Ng5 Qd6 17. Qd3 g6 18. Qd2 Bc7 19. Nf3 f6 20. Qc2 Rac8 21. Qc5
Qd7 22. Bh6 b6 23. Qxc6 Bh2+ 24. Nxh2 Rxc6 25. Rxc6 Qxc6 26. Rc1 Qd6 27. Bxf8
Kxf8 28. Ng4 Kg7 29. h4 Bxg4 30. Bxg4 Qf4 31. Re1 Qxg4 32. Re7+ Kh6 33. Rxa7
Qxd4 34. b5 Qc5 35. a4 Qc1+ 36. Kh2 d4 37. g3 Qf1 38. Rd7 Qxf2+ 39. Kh3 0-1

[Event "III Festival B"]
[Site "Codogno ITA"]
[Date "2011.10.15"]
[Round "3"]
[White "Stanzani, Maurizio"]
[Black "Molinelli, Luigi"]
[Result "1-0"]
[WhiteElo "1603"]
[BlackElo "1263"]
[PlyCount "61"]
[EventDate "2011.10.14"]

1. d4 Nf6 2. c4 g6 3. Nc3 d6 4. e4 Bg7 5. h4 O-O 6. Be2 e5 7. d5 Nbd7 8. h5 Ne8
9. hxg6 fxg6 10. Bh6 Qf6 11. Nf3 Nc5 12. Qd2 Rf7 13. Bxg7 Nxg7 14. O-O-O Nh5
15. Ng5 Rg7 16. Bxh5 Qf4 17. Qxf4 exf4 18. Bf3 h5 19. b4 Nd7 20. c5 Ne5 21.
cxd6 cxd6 22. Be2 Bd7 23. Bb5 Bxb5 24. Nxb5 Rc8+ 25. Kb1 Rc4 26. a3 Rd7 27. Rc1
Rxc1+ 28. Rxc1 Rd8 29. Nxa7 Nd3 30. Rc2 Kg7 31. Ne6+ 1-0

[Event "III Festival B"]
[Site "Codogno ITA"]
[Date "2011.10.15"]
[Round "3"]
[White "Vecchio, Paolo L."]
[Black "Volpati, Antonio"]
[Result "0-1"]
[WhiteElo "1335"]
[BlackElo "1670"]
[PlyCount "112"]
[EventDate "2011.10.14"]

1. e4 e5 2. Nf3 Nc6 3. d4 exd4 4. Nxd4 Bc5 5. Be3 Qf6 6. c3 Nxd4 7. Bxd4 Bxd4
8. cxd4 Ne7 9. Be2 O-O 10. O-O d6 11. Nc3 Qg6 12. h3 Bxh3 13. Bf3 Qg5 14. Qc1
Qxc1 15. Raxc1 Bd7 16. Nd5 Nxd5 17. exd5 Rac8 18. Rfe1 g6 19. Rc3 Rfe8 20. Rce3
Rxe3 21. Rxe3 Re8 22. Rxe8+ Bxe8 23. Kh2 f5 24. Be2 Kf7 25. f4 Kf6 26. b3 Bf7
27. Bc4 Be8 28. g3 c6 29. b4 cxd5 30. Bb3 Ke6 31. a3 Bb5 32. a4 Bc4 33. Bd1 Kd7
34. Kh3 Kc6 35. Kh4 h6 36. g4 fxg4 37. Bxg4 Bb3 38. a5 Kb5 39. Bd7+ Kxb4 40.
Be8 g5+ 41. fxg5 hxg5+ 42. Kxg5 Kc4 43. Kf6 Kxd4 44. Ke6 Kc5 45. Kd7 Ba4+ 46.
Kd8 Bxe8 47. Kxe8 d4 48. Kd8 d3 49. Kc7 Kb5 50. Kxb7 Kxa5 51. Kc6 d2 52. Kxd6
d1=Q+ 53. Kc7 Kb5 54. Kb7 Qd7+ 55. Ka8 Kb6 56. Kb8 Qd8# 0-1

[Event "III Festival B"]
[Site "Codogno ITA"]
[Date "2011.10.15"]
[Round "4"]
[White "Cautiero, Pietro"]
[Black "Losi, Paolo"]
[Result "0-1"]
[WhiteElo "1698"]
[BlackElo "1730"]
[PlyCount "90"]
[EventDate "2011.10.14"]

1. Nf3 d5 2. g3 Nf6 3. Bg2 c6 4. O-O Bf5 5. d3 e6 6. Nbd2 Be7 7. Re1 O-O 8. e4
dxe4 9. dxe4 Nxe4 10. Ne5 Nxd2 11. Bxd2 f6 12. Nc4 e5 13. Ne3 Bg6 14. Qe2 Qc7
15. Rad1 Nd7 16. Bc3 Kh8 17. Nc4 Rad8 18. b4 Bf7 19. Ne3 Bg6 20. a4 Nb6 21. a5
Nd5 22. Bxd5 cxd5 23. Nxd5 Rxd5 24. Rxd5 Qxc3 25. Rb5 Qc6 26. c4 Bf7 27. Rc1 a6
28. Rb6 Qc7 29. Qe3 Rb8 30. c5 Be8 31. Rd1 Bc6 32. Qb3 Rd8 33. Re1 Qd7 34. Qf7
Qd2 35. Rf1 Qd5 36. Qxd5 Rxd5 37. Rb1 Rd7 38. b5 Bxb5 39. R6xb5 axb5 40. Rxb5
h6 41. a6 bxa6 42. Rb8+ Kh7 43. Rc8 Rd1+ 44. Kg2 Rc1 45. c6 Bd6 0-1

[Event "III Festival B"]
[Site "Codogno ITA"]
[Date "2011.10.15"]
[Round "4"]
[White "Galli, Fabrizio"]
[Black "Marzatico, Luca"]
[Result "1-0"]
[WhiteElo "1469"]
[BlackElo "1428"]
[PlyCount "37"]
[EventDate "2011.10.14"]

1. d4 d5 2. Nf3 Nc6 3. e3 Nf6 4. Bd3 Bg4 5. Nbd2 e6 6. O-O e5 7. dxe5 Nxe5 8.
Be2 Ne4 9. Nxe5 Bxe2 10. Qxe2 Qd6 11. Nef3 Qh6 12. b3 Bd6 13. Bb2 Rg8 14. Be5
Bxe5 15. Nxe5 f5 16. Nxe4 fxe4 17. Qb5+ Ke7 18. Qd7+ Kf6 19. Ng4+ 1-0

[Event "III Festival B"]
[Site "Codogno ITA"]
[Date "2011.10.15"]
[Round "4"]
[White "Guasconi, Lelio"]
[Black "Stanzani, Maurizio"]
[Result "1-0"]
[WhiteElo "1614"]
[BlackElo "1603"]
[PlyCount "87"]
[EventDate "2011.10.14"]

1. e4 e6 2. Nc3 Bb4 3. Qg4 Bxc3 4. bxc3 Ne7 5. Qxg7 Rg8 6. Qxh7 d5 7. e5 d4 8.
c4 Nbc6 9. Nf3 d3 10. c3 Na5 11. Ba3 Nxc4 12. Bxe7 Kxe7 13. Qh4+ Ke8 14. Qxc4
Bd7 15. g3 a6 16. Bg2 Bb5 17. Qe4 Bc6 18. Qe3 Qe7 19. O-O Rd8 20. Rfd1 Rh8 21.
Nd4 Bxg2 22. Kxg2 Rd5 23. f4 Qf8 24. Nf3 Qh6 25. Rh1 c5 26. c4 Qh3+ 27. Kf2 Rd7
28. Qxc5 Qh5 29. Qe3 f6 30. exf6 Kf7 31. Ng5+ Kg6 32. f7 Re7 33. Qxd3+ Kh6 34.
Qh7+ Rxh7 35. f8=Q+ Rhg7 36. Qh8+ Kg6 37. Qxh5+ Kxh5 38. d4 Rg6 39. Rhe1 Rc7
40. Rac1 Rc6 41. d5 exd5 42. cxd5 Rcd6 43. Rcd1 Rdf6 44. Re5 1-0

[Event "III Festival B"]
[Site "Codogno ITA"]
[Date "2011.10.15"]
[Round "4"]
[White "Mantovani, Enrico"]
[Black "Cervini, Ernesto"]
[Result "1-0"]
[WhiteElo "1758"]
[BlackElo "1776"]
[PlyCount "113"]
[EventDate "2011.10.14"]

1. d4 d5 2. c4 c6 3. Nf3 e6 4. Nbd2 Bd6 5. e4 Bc7 6. Bd3 dxe4 7. Nxe4 h6 8. O-O
Nd7 9. Re1 Ngf6 10. Nxf6+ Nxf6 11. b3 Ba5 12. Bd2 Bxd2 13. Qxd2 O-O 14. Bc2 Qc7
15. Rad1 Rd8 16. Qe3 b6 17. Qe5 Qxe5 18. dxe5 Nd7 19. Rd6 c5 20. Be4 Rb8 21.
Red1 Kf8 22. Bc6 Ke7 23. Nh4 a6 24. f4 b5 25. f5 Nxe5 26. Rxd8 Nxc6 27. Rg8
exf5 28. Nxf5+ Bxf5 29. Rxb8 Nxb8 30. Rd5 bxc4 31. Rxf5 cxb3 32. axb3 Nd7 33.
Kf2 Ke6 34. Rf4 f5 35. Ra4 Ne5 36. Rxa6+ Kd5 37. Ra5 g5 38. Ke2 f4 39. h3 h5
40. Ra8 g4 41. Rh8 gxh3 42. gxh3 Kd4 43. Rxh5 Nd3 44. Rd5+ Kxd5 45. Kxd3 Ke5
46. h4 Kf5 47. h5 f3 48. h6 Kg6 49. Ke3 f2 50. Kxf2 Kxh6 51. Ke3 Kg7 52. Ke4
Kf7 53. Kd5 Ke8 54. Kxc5 Kd8 55. Kb6 Kc8 56. b4 Kb8 57. b5 1-0

[Event "III Festival B"]
[Site "Codogno ITA"]
[Date "2011.10.15"]
[Round "4"]
[White "Maraschi, Alberto"]
[Black "Priori, Gabriele"]
[Result "0-1"]
[WhiteElo "1386"]
[BlackElo "1401"]
[PlyCount "96"]
[EventDate "2011.10.14"]

1. e4 c5 2. Nf3 d6 3. d4 cxd4 4. Nxd4 Nf6 5. Nc3 g6 6. Bc4 Bg7 7. Qf3 Nc6 8.
Nxc6 bxc6 9. e5 dxe5 10. Qxc6+ Bd7 11. Qf3 O-O 12. Bg5 Qb6 13. O-O-O Bg4 14.
Bxf7+ Kxf7 15. Nd5 Bxf3 16. Nxb6 axb6 17. gxf3 Rxa2 18. f4 Ra1+ 19. Kd2 Rxd1+
20. Rxd1 Rd8+ 21. Ke2 Rxd1 22. Kxd1 Ne4 23. c3 Nxf2+ 24. Kc2 Ke6 25. fxe5 Bxe5
26. h4 Ne4 27. Be3 b5 28. Kb3 Bd6 29. Bc1 Kd5 30. Be3 Nf6 31. Bg5 Ng4 32. Bc1
e5 33. Kc2 b4 34. cxb4 Bxb4 35. Kd3 e4+ 36. Ke2 Ne5 37. Bg5 Nf3 38. Bf6 Ne5 39.
Bg5 Nf7 40. Bc1 Be7 41. b3 Bxh4 42. Be3 Be7 43. Ba7 h5 44. Bb8 g5 45. Ke3 g4
46. Kf4 Bd6+ 47. Bxd6 Nxd6 48. Kg3 e3 0-1

[Event "III Festival B"]
[Site "Codogno ITA"]
[Date "2011.10.15"]
[Round "4"]
[White "Molinelli, Luigi"]
[Black "Scotti, Luigi"]
[Result "1/2-1/2"]
[WhiteElo "1263"]
[BlackElo "1511"]
[PlyCount "142"]
[EventDate "2011.10.14"]

1. d4 d6 2. Nf3 Nf6 3. c4 c6 4. Nc3 g6 5. g3 Bg7 6. Bg2 O-O 7. O-O Nbd7 8. e4
e5 9. d5 cxd5 10. cxd5 Nc5 11. Qc2 a5 12. a4 Bd7 13. Re1 Rc8 14. Qd1 b6 15. h4
Bg4 16. Be3 Nfxe4 17. Nxe4 Nxe4 18. Qb3 Nc5 19. Qc4 e4 20. Nd4 Nd3 21. Qb3 Nxe1
22. Rxe1 Bxd4 23. Bxd4 Bf3 24. Bf1 Qd7 25. Qe3 f5 26. Qh6 Rf7 27. Bxb6 Qxa4 28.
Qd2 Qb4 29. Bxa5 Qxd2 30. Bxd2 Rc5 31. Bf4 Rd7 32. Ra1 Rxd5 33. Bc4 e3 34. fxe3
Kg7 35. Bxd5 Bxd5 36. Rd1 Bb3 37. Rd4 d5 38. Kf2 Kf7 39. Ke2 Ke6 40. Kd2 Rb7
41. Kc3 Bc4 42. b4 Be2 43. Rd2 Bc4 44. Rb2 Rb5 45. Kd4 h5 46. Be5 Kd7 47. Rb1
Ke6 48. Bf4 Kd7 49. Kc3 Ke6 50. Ra1 Kd7 51. Ra7+ Ke6 52. Ra6+ Kf7 53. Bg5 Kg7
54. Ra7+ Kg8 55. Bf6 Rb6 56. Rg7+ Kf8 57. Bd4 Rd6 58. Ra7 Ra6 59. Rb7 Ra3+ 60.
Kb2 Ra2+ 61. Kc3 Ra3+ 62. Kd2 Rd3+ 63. Kc2 Ra3 64. Bc5+ Kg8 65. b5 Ra5 66. Rb8+
Kf7 67. Bb4 Rxb5 68. Rxb5 Bxb5 69. Kc3 Ke6 70. Kd4 Be2 71. Bf8 Ba6 1/2-1/2